[Event "PERLA BALTYKU"]
[Site "Lazy""]
[Date "2013.07.04"]
[Round "5.18"]
[White "Jacek, Roksana"]
[Black "Ivanova, Karina"]
[Result "1-0"]
[WhiteElo "1835"]
[BlackElo "2014"]
[PlyCount "69"]
[EventDate "2013.??.??"]

1. e4 e6 2. Nf3 d5 3. Nc3 dxe4 4. Nxe4 Bd7 5. d4 Bc6 6. Ng3 Nd7 7. Bd3 Ngf6 8.
O-O Be7 9. c4 O-O 10. b3 b6 11. Bb2 Bb7 12. Qe2 c5 13. Rad1 cxd4 14. Nxd4 Re8
15. Bb1 Qc7 16. Ne4 Nc5 17. f3 Nfxe4 18. fxe4 e5 19. Qh5 f6 20. Nf5 Nxe4 21.
Qg4 Bc5+ 22. Kh1 Nf2+ 23. Rxf2 Bxf2 24. Rd7 Qxd7 25. Nh6+ Kf8 26. Qxd7 Re7 27.
Qd2 gxh6 28. Qxf2 Kg8 29. Bf5 Rd8 30. h4 Rd1+ 31. Kh2 Kh8 32. Bg4 Rd6 33. Ba3
Rde6 34. Bxe6 Rxe6 35. Qf5 1-0

[Event "PERLA BALTYKU"]
[Site "Lazy""]
[Date "2013.07.04"]
[Round "5.19"]
[White "Janik, Igor"]
[Black "Nowak, Maciej"]
[Result "1-0"]
[WhiteElo "1930"]
[BlackElo "2010"]
[PlyCount "119"]
[EventDate "2013.??.??"]

1. e4 c5 2. Nf3 Nc6 3. d4 cxd4 4. Nxd4 Nf6 5. Nc3 d6 6. Bc4 e6 7. O-O Be7 8.
Bb3 O-O 9. Be3 a6 10. f4 Na5 11. e5 dxe5 12. fxe5 Nd5 13. Nxd5 exd5 14. Qf3
Nxb3 15. axb3 Bc5 16. c3 Bxd4 17. Bxd4 Be6 18. Qe3 Qh4 19. b4 Qe4 20. Qxe4 dxe4
21. Rf4 Bd5 22. Kf2 Rfe8 23. Ke3 Rad8 24. h4 Rd7 25. g4 h6 26. Rg1 Re6 27. h5
Kh7 28. Rf5 Rc7 29. Rgf1 Kg8 30. Ra1 Kh7 31. Rg1 Rd7 32. Rf2 Rc7 33. Ra1 Kg8
34. Raf1 Rd7 35. Rg1 Kh7 36. g5 hxg5 37. Rxg5 Kh6 38. Rg1 g6 39. hxg6 fxg6 40.
Rh2+ Kg7 41. Rgh1 Rf7 42. Rh7+ Kf8 43. Bc5+ Ke8 44. Kd4 Bc6 45. Rh8+ Kd7 46.
R1h7 Rxh7 47. Rxh7+ Kc8 48. Rg7 Kd8 49. Bd6 Kc8 50. c4 Kd8 51. b5 axb5 52. cxb5
Bxb5 53. Rxb7 Bd7 54. Rb8+ Bc8 55. Kxe4 g5 56. b4 g4 57. b5 Rg6 58. b6 Rg7 59.
e6 Rb7 60. e7+ 1-0

[Event "PERLA BALTYKU"]
[Site "Lazy""]
[Date "2013.07.04"]
[Round "5.20"]
[White "Karwowski, Kacper"]
[Black "Prazmowski, Bartosz"]
[Result "1-0"]
[WhiteElo "1930"]
[BlackElo "2025"]
[PlyCount "39"]
[EventDate "2013.??.??"]

1. e4 c5 2. Nf3 Nc6 3. d4 cxd4 4. Nxd4 e5 5. Nb5 h6 6. N1c3 Nf6 7. Nd5 Bc5 8.
Nbc7+ Kf8 9. Nxa8 Nxe4 10. Be3 Qa5+ 11. c3 Bd4 12. Bxd4 exd4 13. Bc4 b5 14. Bb3
Bb7 15. Nac7 dxc3 16. O-O cxb2 17. Rb1 Nd2 18. Re1 g6 19. Rxb2 Nxb3 20. axb3
1-0

[Event "PERLA BALTYKU"]
[Site "Lazy""]
[Date "2013.07.04"]
[Round "5.21"]
[White "Tselkovskiy, Kirill"]
[Black "Smieszek, Wojciech"]
[Result "1-0"]
[WhiteElo "2027"]
[BlackElo "1843"]
[PlyCount "57"]
[EventDate "2013.??.??"]

1. d4 Nf6 2. c4 c5 3. d5 e6 4. Nc3 exd5 5. cxd5 d6 6. e4 g6 7. f4 Qe7 8. Bd3 a6
9. Nf3 Bg4 10. O-O Bg7 11. e5 dxe5 12. fxe5 Nfd7 13. e6 fxe6 14. dxe6 Nf6 15.
Qa4+ Nc6 16. Ne5 Qxe6 17. Nxc6 bxc6 18. Bc4 Qd6 19. Bf4 Qd7 20. Rae1+ Kf8 21.
Be5 Bf5 22. Qa3 Ne4 23. Rxe4 Bxe5 24. Kh1 Re8 25. g4 Bxc3 26. Qxc3 Rxe4 27.
Qxh8+ Ke7 28. gxf5 Rxc4 29. Re1+ 1-0

[Event "PERLA BALTYKU"]
[Site "Lazy""]
[Date "2013.07.04"]
[Round "5.22"]
[White "Galaktionov, Artem"]
[Black "Wasik, Piotr"]
[Result "1-0"]
[WhiteElo "1943"]
[BlackElo "1990"]
[PlyCount "73"]
[EventDate "2013.??.??"]

1. e4 c5 2. Nf3 e6 3. c4 a6 4. Nc3 Qc7 5. d4 cxd4 6. Nxd4 Nf6 7. Be3 b6 8. Be2
Bb7 9. f3 d6 10. O-O Be7 11. Rc1 Nbd7 12. Qd2 Rc8 13. b3 O-O 14. Nc2 Qb8 15.
Rfd1 Rfe8 16. Bf4 Ne5 17. Qd4 Bd8 18. Bg3 Bc7 19. Ne3 Bc6 20. a4 Bb7 21. Na2
Nh5 22. Bf2 Nc6 23. Qd2 Na5 24. Rb1 d5 25. cxd5 Bxh2+ 26. Kf1 exd5 27. exd5
Ng3+ 28. Bxg3 Bxg3 29. Nf5 Bf4 30. Qd4 Qe5 31. Qxe5 Rxe5 32. b4 Rc2 33. Nd4 Nc4
34. Nxc2 Ne3+ 35. Nxe3 Bxe3 36. g4 h5 37. d6 1-0

[Event "PERLA BALTYKU"]
[Site "Lazy"]
[Date "2013-07-05"]
[Round "6.1"]
[White "Warakomski, Tomasz"]
[Black "Urban, Klaudiusz"]
[Result "0-1"]
[WhiteElo "2488"]
[BlackElo "2462"]
[PlyCount "82"]
[EventDate "2013.??.??"]

1. e4 c6 2. d4 d5 3. Nd2 dxe4 4. Nxe4 Nd7 5. Ng5 Ngf6 6. Bd3 g6 7. N1f3 Bg7 8.
O-O O-O 9. Re1 h6 10. Ne4 Nxe4 11. Rxe4 c5 12. Rh4 h5 13. Bg5 cxd4 14. Qe2 Re8
15. Bxg6 fxg6 16. Qe6+ Kh7 17. Bf4 Ne5 18. Ng5+ Kh8 19. Qb3 Rf8 20. Bxe5 Bxe5
21. Qf7 Rxf7 22. Nxf7+ Kg7 23. Nxd8 Bf6 24. Re4 Bf5 25. Ne6+ Kf7 26. Rxd4 Bxe6
27. Rb4 b6 28. c3 Rd8 29. Kf1 Rd2 30. a4 Bf5 31. h3 Be5 32. a5 Bd3+ 33. Kg1
bxa5 34. Rb7 a6 35. f3 Bb5 36. Re1 Bd6 37. Kh1 a4 38. Rc1 Bc4 39. Rb6 Ke6 40.
Ra1 Kd7 41. Rb7+ Kc8 0-1

[Event "PERLA BALTYKU"]
[Site "Lazy"]
[Date "2013.07.05"]
[Round "6.2"]
[White "Shishkin, Vadim"]
[Black "Majdan-Gajewska, Joanna"]
[Result "1-0"]
[WhiteElo "2502"]
[BlackElo "2375"]
[PlyCount "93"]
[EventDate "2013.??.??"]

1. d4 Nf6 2. c4 g6 3. Nc3 Bg7 4. e4 d6 5. Be2 O-O 6. Nf3 e5 7. Be3 Ng4 8. Bg5
f6 9. Bh4 g5 10. Bg3 Nh6 11. dxe5 dxe5 12. Qxd8 Rxd8 13. h4 g4 14. Nd2 Na6 15.
O-O-O c6 16. Nb3 Re8 17. f3 f5 18. c5 Nc7 19. h5 Ne6 20. fxg4 f4 21. Bf2 Bf8
22. Rd3 Nf7 23. Rhd1 Be7 24. Bf3 Kg7 25. Nb1 Bd8 26. Rc3 Bf6 27. Na3 Rd8 28.
Rcd3 Rxd3 29. Rxd3 b6 30. cxb6 axb6 31. Bxb6 Be7 32. Rc3 Bxa3 33. bxa3 Rxa3 34.
Kb2 Ra6 35. Bf2 Nd6 36. a4 Rxa4 37. Rxc6 Ra6 38. Rc3 Bb7 39. Nc5 Nxc5 40. Rxc5
Bxe4 41. Rc7+ Kh6 42. Bc5 Bxf3 43. gxf3 e4 44. Rd7 Nc4+ 45. Kc3 Ne5 46. Rd5
Nxf3 47. Bf8# 1-0

[Event "PERLA BALTYKU"]
[Site "Lazy"]
[Date "2013.07.05"]
[Round "6.3"]
[White "Sieciechowicz, Marcin"]
[Black "Eggink, Ryszard"]
[Result "1-0"]
[WhiteElo "2462"]
[BlackElo "2121"]
[PlyCount "109"]
[EventDate "2013.??.??"]

1. d4 Nf6 2. c4 c5 3. d5 b5 4. Nf3 d6 5. cxb5 a6 6. b6 Qxb6 7. Nc3 g6 8. a4 Bg7
9. a5 Qc7 10. Nd2 e5 11. e4 O-O 12. Be2 Ne8 13. O-O f5 14. Nc4 Nd7 15. Qa4 Bb7
16. f3 Rb8 17. Be3 f4 18. Bf2 g5 19. Rab1 Nef6 20. b4 Rfc8 21. b5 Bf8 22. Rb2
Ra8 23. Rfb1 Qd8 24. Qc2 Rcb8 25. Na4 axb5 26. Rxb5 Ba6 27. Rxb8 Rxb8 28. Ncb6
Bxe2 29. Qxe2 Nxb6 30. Nxb6 Nd7 31. Qb5 Qc7 32. h4 gxh4 33. Bxh4 Qa7 34. Qc6
Rb7 35. Kh2 Rc7 36. Bd8 Rxc6 37. dxc6 Qxa5 38. cxd7 Kf7 39. Bc7 Be7 40. Nd5 Qa4
41. Nxe7 Qxd7 42. Nd5 c4 43. Ba5 Qa7 44. Bc3 Qf2 45. Rb7+ Kg6 46. Rd7 h5 47.
Rxd6+ Kg5 48. Ba5 Qg3+ 49. Kg1 h4 50. Rd8 Kh6 51. Bc3 Qg5 52. Rh8+ Kg7 53. Re8
h3 54. Bxe5+ Kf7 55. Re7+ 1-0

[Event "PERLA BALTYKU"]
[Site "Lazy"]
[Date "2013.07.05"]
[Round "6.4"]
[White "Aliavdin, Nikolai"]
[Black "Weichhold, Pawel"]
[Result "1-0"]
[WhiteElo "2349"]
[BlackElo "2382"]
[PlyCount "95"]
[EventDate "2013.??.??"]

1. e4 c5 2. Nf3 d6 3. d4 cxd4 4. Nxd4 Nf6 5. Nc3 g6 6. Be3 Bg7 7. f3 Nc6 8. Qd2
O-O 9. g4 Bd7 10. O-O-O Ne5 11. g5 Nh5 12. f4 Ng4 13. Bg1 e5 14. fxe5 Nxe5 15.
Be2 Bg4 16. Bxg4 Nxg4 17. Nde2 Ne5 18. h4 b5 19. Qxd6 Qa5 20. Bc5 Rfd8 21. Bb4
Rxd6 22. Bxa5 Rxd1+ 23. Rxd1 Nc4 24. Rd8+ Rxd8 25. Bxd8 b4 26. Nd1 Be5 27. b3
Nb6 28. Nf2 Ng3 29. Kd2 Nxe2 30. Kxe2 Bg3 31. Nd3 Bxh4 32. Nxb4 Kf8 33. Kf3 Nd7
34. Kg4 Be1 35. Nd5 Bd2 36. Bc7 h5+ 37. gxh6 Bxh6 38. c4 Bg7 39. b4 Ne5+ 40.
Bxe5 Bxe5 41. c5 Ke8 42. c6 Kd8 43. b5 Kc8 44. a4 Kb8 45. Kg5 a6 46. b6 a5 47.
c7+ Kb7 48. Ne7 1-0

[Event "PERLA BALTYKU"]
[Site "Lazy"]
[Date "2013.07.05"]
[Round "6.5"]
[White "Adamowicz, Maciej"]
[Black "Kanarek, Marcel"]
[Result "1/2-1/2"]
[WhiteElo "2036"]
[BlackElo "2478"]
[PlyCount "60"]
[EventDate "2013.??.??"]

1. c4 Nf6 2. Nf3 d6 3. Nc3 g6 4. g3 Bg7 5. Bg2 O-O 6. O-O e5 7. Rb1 c6 8. d3
Re8 9. e4 a6 10. h3 b5 11. b3 Nbd7 12. Be3 Bb7 13. Nd2 Nc5 14. Qc2 Ne6 15. a4
b4 16. Ne2 d5 17. f4 dxe4 18. dxe4 c5 19. fxe5 Nd7 20. Nf4 Nd4 21. Bxd4 cxd4
22. Nf3 Nxe5 23. Nd5 Qd6 24. Rbd1 Nc6 25. Qf2 Rf8 26. e5 Qc5 27. Nxd4 Nxd4 28.
Qxd4 Qxd4+ 29. Rxd4 Bxe5 30. Rd3 Bxd5 1/2-1/2

[Event "PERLA BALTYKU"]
[Site "Lazy"]
[Date "2013.07.05"]
[Round "6.7"]
[White "Bugalski, Michal"]
[Black "Poswiatowski, Michal"]
[Result "1-0"]
[WhiteElo "2161"]
[BlackElo "2067"]
[PlyCount "45"]
[EventDate "2013.??.??"]

1. c4 c5 2. Nc3 g6 3. Nf3 Bg7 4. d4 cxd4 5. Nxd4 Nc6 6. e3 Nf6 7. g3 d6 8. Bg2
Bd7 9. O-O O-O 10. h3 Rb8 11. b3 Qc8 12. Kh2 Nxd4 13. exd4 Bc6 14. Nd5 Nxd5 15.
cxd5 Bb5 16. Re1 Qd7 17. Bg5 Bf6 18. h4 b6 19. Qd2 Rfe8 20. Rac1 h5 21. Rc3 Rb7
22. a4 Ba6 23. Bh3 1-0

[Event "PERLA BALTYKU"]
[Site "Lazy"]
[Date "2013.07.05"]
[Round "6.8"]
[White "Nowicki, Bartosz"]
[Black "Adamowicz, Katarzyna"]
[Result "1-0"]
[WhiteElo "2157"]
[BlackElo "2104"]
[PlyCount "81"]
[EventDate "2013.??.??"]

1. e4 e5 2. Nf3 Nc6 3. Bb5 a6 4. Ba4 Nf6 5. d3 b5 6. Bb3 Be7 7. O-O d6 8. a4
Rb8 9. axb5 axb5 10. c3 O-O 11. Re1 Bd7 12. h3 Ra8 13. Rxa8 Qxa8 14. d4 exd4
15. cxd4 Nb4 16. Nc3 Rd8 17. Qe2 Qb7 18. Bg5 h6 19. Bh4 Re8 20. e5 Nfd5 21.
Nxd5 Nxd5 22. Qe4 c6 23. Bxe7 Rxe7 24. Bc2 g6 25. Qh4 Kg7 26. exd6 Rxe1+ 27.
Nxe1 Qb8 28. Qg3 Nb6 29. Qe5+ Kg8 30. Bb3 Nc8 31. Qf6 Nxd6 32. Qxg6+ Kf8 33.
Qxh6+ Ke7 34. Qg5+ Kf8 35. Qe5 Qc7 36. Nf3 Bf5 37. h4 Qd7 38. Qh8+ Ke7 39. Ne5
Qc7 40. Qg7 Be6 41. Ng6+ 1-0

[Event "PERLA BALTYKU"]
[Site "Lazy"]
[Date "2013.07.05"]
[Round "6.9"]
[White "Stankiewicz, Pawel"]
[Black "Zielinski, Wojciech"]
[Result "0-1"]
[WhiteElo "2070"]
[BlackElo "2145"]
[PlyCount "96"]
[EventDate "2013.??.??"]

1. e4 e6 2. d3 d5 3. Nd2 Nf6 4. Ngf3 Bc5 5. e5 Nfd7 6. c3 f6 7. d4 Bb6 8. Bd3
O-O 9. O-O c5 10. Qc2 f5 11. c4 cxd4 12. cxd5 Nc5 13. d6 Nc6 14. Bb5 d3 15. Qc3
Bd7 16. Bxd3 Nxd3 17. Qxd3 Rc8 18. a3 g5 19. Nb3 g4 20. Nfd4 Nxe5 21. Qe2 Qf6
22. Bg5 Nf3+ 23. Qxf3 gxf3 24. Bxf6 fxg2 25. Kxg2 Rxf6 26. f4 Ba4 27. Rac1 Rd8
28. Rc4 Bxb3 29. Nxb3 Rxd6 30. Rfc1 Rg6+ 31. Kh1 Rg4 32. Nc5 Kf7 33. h3 Rg3 34.
Kh2 Re3 35. R1c2 Kf6 36. Nxb7 Rdd3 37. a4 Rxh3+ 38. Kg2 Rdg3+ 39. Kf1 Rg1+ 40.
Ke2 Rg2+ 41. Kf1 Rg1+ 42. Ke2 Re3+ 43. Kd2 Rh3 44. Ke2 Rgg3 45. Nc5 Rh2+ 46.
Kf1 Rxc2 47. Rxc2 Bxc5 48. Rxc5 Rf3+ 0-1

[Event "PERLA BALTYKU"]
[Site "Lazy"]
[Date "2013.07.05"]
[Round "6.10"]
[White "Jacek, Krystian"]
[Black "Eggink, Mateusz"]
[Result "0-1"]
[WhiteElo "2139"]
[BlackElo "2044"]
[PlyCount "96"]
[EventDate "2013.??.??"]

1. e4 c5 2. Nf3 d6 3. d4 cxd4 4. Nxd4 Nf6 5. Nc3 a6 6. Bg5 e6 7. f4 Qb6 8. Qd2
Qxb2 9. Rb1 Qa3 10. e5 dxe5 11. fxe5 h6 12. Bh4 g5 13. Bg3 Nh5 14. Ne4 Qxa2 15.
Rd1 Qd5 16. Qe3 Qa5+ 17. c3 Nd7 18. Be2 Nxg3 19. hxg3 Qxe5 20. Rf1 Be7 21. Nxe6
fxe6 22. Bh5+ Kd8 23. Qb6+ Qc7 24. Qxe6 Qc6 25. Qe5 Rf8 26. Rxf8+ Bxf8 27. Nf6
Bg7 28. Nxd7 Bxe5 29. Nxe5+ Kc7 30. Nxc6 bxc6 31. Kd2 Be6 32. Re1 Bd5 33. Re7+
Kb6 34. Bf3 Rd8 35. Kc2 Kc5 36. Rh7 Rd6 37. Rh8 Rf6 38. Bxd5 Kxd5 39. Kb3 Kc5
40. Rh7 Rf2 41. Rxh6 Rxg2 42. Rf6 Rxg3 43. Rf5+ Kb6 44. Kb4 Rg1 45. c4 a5+ 46.
Ka4 g4 47. c5+ Ka6 48. Rg5 g3 0-1

[Event "PERLA BALTYKU"]
[Site "Lazy"]
[Date "2013.07.05"]
[Round "6.11"]
[White "Mazalon, Mariusz"]
[Black "Nowak, Ryszard"]
[Result "1/2-1/2"]
[WhiteElo "2029"]
[BlackElo "2010"]
[PlyCount "78"]
[EventDate "2013.??.??"]

1. d4 Nf6 2. Nf3 e6 3. c4 b6 4. g3 Bb7 5. Bg2 Bb4+ 6. Bd2 Bxd2+ 7. Qxd2 d6 8.
Nc3 Nbd7 9. O-O O-O 10. Qc2 Qe7 11. e4 e5 12. d5 g6 13. Ne1 Nh5 14. Nd3 f5 15.
f3 fxe4 16. Nxe4 Ng7 17. Rae1 c6 18. dxc6 Bxc6 19. Nb4 Bxe4 20. Qxe4 Nf6 21.
Qd3 Qc7 22. f4 Qc5+ 23. Kh1 e4 24. Qb3 Rac8 25. Nd5 Nxd5 26. cxd5 Rfe8 27. Rxe4
Rxe4 28. Bxe4 Qd4 29. Bf3 Qd2 30. Be4 Nf5 31. Rd1 Qf2 32. Qf3 Qxb2 33. Bxf5
gxf5 34. Qh5 Rc1 35. Qg5+ Kh8 36. Qd8+ Kg7 37. Qe7+ Kg8 38. Qe6+ Kg7 39. Qd7+
Kg8 1/2-1/2

[Event "PERLA BALTYKU"]
[Site "Lazy"]
[Date "2013.07.05"]
[Round "6.12"]
[White "Kovalev, Egor"]
[Black "Karwowski, Kacper"]
[Result "1-0"]
[WhiteElo "2099"]
[BlackElo "1930"]
[PlyCount "93"]
[EventDate "2013.??.??"]

1. Nf3 Nf6 2. d4 e6 3. c4 b6 4. g3 Ba6 5. Qc2 d5 6. Nbd2 Bd6 7. c5 bxc5 8. dxc5
Be7 9. b4 c6 10. Nb3 Nbd7 11. Bg2 O-O 12. Nfd4 Qc7 13. O-O Rfe8 14. Re1 e5 15.
Nf5 Bf8 16. Bd2 g6 17. Ne3 Bg7 18. Rab1 Rab8 19. a4 h5 20. Na5 Ng4 21. Nxg4
hxg4 22. e4 d4 23. Rec1 Bf8 24. Rb2 Bc8 25. Qb1 a6 26. Nc4 Kg7 27. Qd3 Be7 28.
Rbc2 Qa7 29. Bf1 Bf8 30. Be2 Bxc5 31. bxc5 Nxc5 32. Qa3 d3 33. Rb2 Rxb2 34.
Nxb2 dxe2 35. Be3 Rd8 36. Bxc5 Qd7 37. Qc3 Qd2 38. Bb4 Qh6 39. Qxe5+ Kh7 40.
Re1 Rh8 41. Rxe2 Kg8 42. Qe8+ Kg7 43. Bc3+ f6 44. Qe7+ Kg8 45. Qd8+ Kf7 46.
Qxf6+ Kg8 47. Qxh8+ 1-0

[Event "PERLA BALTYKU"]
[Site "Lazy"]
[Date "2013.07.05"]
[Round "6.13"]
[White "Jacek, Roksana"]
[Black "Suliborski, Jakub"]
[Result "1/2-1/2"]
[WhiteElo "1835"]
[BlackElo "2007"]
[PlyCount "32"]
[EventDate "2013.??.??"]

1. e4 e6 2. Nf3 c5 3. c3 d5 4. exd5 exd5 5. d4 Nf6 6. Be2 Nc6 7. O-O Be7 8. Bf4
O-O 9. h3 Bf5 10. dxc5 Bxc5 11. Nbd2 Ne4 12. Nb3 Bb6 13. Nbd4 Bg6 14. Be3 Bc7
15. c4 dxc4 16. Nxc6 bxc6 1/2-1/2

[Event "PERLA BALTYKU"]
[Site "Lazy"]
[Date "2013.07.05"]
[Round "6.14"]
[White "Janik, Igor"]
[Black "Smal, Tobiasz"]
[Result "1/2-1/2"]
[WhiteElo "1930"]
[BlackElo "1893"]
[PlyCount "89"]
[EventDate "2013.??.??"]

1. e4 c5 2. Nf3 d6 3. d4 cxd4 4. Nxd4 Nf6 5. Nc3 a6 6. g3 e5 7. Nb3 Nbd7 8. Bg2
b5 9. Bg5 Bb7 10. a4 b4 11. Nd5 Bxd5 12. exd5 h6 13. Be3 Be7 14. O-O O-O 15. a5
Qc7 16. Qd2 Qc4 17. Rfc1 Ng4 18. Ra4 Rfb8 19. Bf1 Qe4 20. Bd3 Qf3 21. Be2 Qe4
22. Bxg4 Qxg4 23. c4 bxc3 24. Rxg4 cxd2 25. Nxd2 Nf6 26. Rgc4 Nxd5 27. R1c2 Rb5
28. Rc8+ Rxc8 29. Rxc8+ Kh7 30. Nc4 Nxe3 31. fxe3 d5 32. Nxe5 Rxa5 33. Nxf7 Bf6
34. b4 Ra4 35. Rc6 Be7 36. Nd6 Bg5 37. Kf2 Rxb4 38. Rxa6 Rb2+ 39. Kf3 Rxh2 40.
Nf5 Rd2 41. Rd6 Kg8 42. Kg4 Kf7 43. Rd7+ Kf6 44. Rd6+ Ke5 45. Rg6 1/2-1/2

[Event "PERLA BALTYKU"]
[Site "Lazy"]
[Date "2013.07.05"]
[Round "6.15"]
[White "Bednarska-Bzdega, Malgorzata"]
[Black "Januszkiewicz, Wojciech"]
[Result "1-0"]
[WhiteElo "2115"]
[BlackElo "1830"]
[PlyCount "99"]
[EventDate "2013.??.??"]

1. e4 c5 2. Nf3 d6 3. d4 cxd4 4. Nxd4 Nf6 5. Nc3 a6 6. Bc4 e6 7. Bb3 b5 8. f4
Bb7 9. f5 e5 10. Nf3 Be7 11. Qe2 Nbd7 12. Bg5 Nc5 13. Bxf6 Bxf6 14. Bd5 O-O 15.
Bxb7 Nxb7 16. O-O Na5 17. Nd5 Nc4 18. c3 Rc8 19. Kh1 Re8 20. a4 Rc5 21. axb5
axb5 22. Ra6 Rxd5 23. exd5 e4 24. Nd4 Bxd4 25. cxd4 e3 26. Rf3 h6 27. b3 Qc8
28. Ra1 Nb6 29. Rxe3 Rxe3 30. Qxe3 Qxf5 31. Qf3 Qg5 32. Rf1 Qxd5 33. Qxd5 Nxd5
34. Ra1 Nc3 35. g3 g6 36. Kg2 Kg7 37. Kf3 d5 38. Ra6 Kf8 39. Rc6 Ne4 40. Rb6
Ke7 41. Rxb5 Kd6 42. Ke3 Kc6 43. Ra5 h5 44. Ra7 Nd6 45. Ra6+ Kc7 46. Kf4 f6 47.
Ra5 Kc6 48. Rc5+ Kb6 49. Rxd5 Nf5 50. Rxf5 1-0

[Event "PERLA BALTYKU"]
[Site "Lazy"]
[Date "2013.07.05"]
[Round "6.16"]
[White "Jarmula, Pawel"]
[Black "Tselkovskiy, Kirill"]
[Result "1-0"]
[WhiteElo "2174"]
[BlackElo "2027"]
[PlyCount "103"]
[EventDate "2013.??.??"]

1. e4 c5 2. Nf3 d6 3. d4 cxd4 4. Nxd4 Nf6 5. Nc3 g6 6. Be3 Bg7 7. f3 O-O 8. Qd2
Nc6 9. g4 Bxg4 10. fxg4 Nxg4 11. Nb3 d5 12. exd5 Bxc3 13. bxc3 Nxe3 14. dxc6
Qb6 15. Bd3 f5 16. h4 e5 17. Rh3 f4 18. h5 g5 19. Rxe3 fxe3 20. Qg2 Qxc6 21.
Qxg5+ Kh8 22. Qxe5+ Qf6 23. Qxf6+ Rxf6 24. Ke2 Re8 25. Rf1 Rxf1 26. Kxf1 Re5
27. Be2 Kg7 28. Bf3 b6 29. Ke2 Kf6 30. c4 h6 31. c5 bxc5 32. c4 Ke7 33. Na5 Re6
34. Nc6+ Kf6 35. Bd5 Rd6 36. Kxe3 Kg5 37. Ke4 Kxh5 38. Ke5 Rd7 39. a4 Kg5 40.
Ke6 Rb7 41. Kd6 h5 42. Kxc5 h4 43. Nd4 Rb1 44. Nf3+ Kg4 45. Nxh4 Kxh4 46. Bc6
Kg5 47. Kd6 Kf6 48. c5 Rd1+ 49. Bd5 Ra1 50. c6 Rxa4 51. c7 Ra6+ 52. Bc6 1-0

[Event "PERLA BALTYKU"]
[Site "Lazy"]
[Date "2013.07.05"]
[Round "6.17"]
[White "Kaczorowski, Piotr"]
[Black "Pietruszewski, Marcin"]
[Result "0-1"]
[WhiteElo "2058"]
[BlackElo "2099"]
[PlyCount "68"]
[EventDate "2013.??.??"]

1. Nf3 Nf6 2. c4 c5 3. g3 b6 4. Bg2 Bb7 5. O-O e6 6. d4 cxd4 7. Qxd4 Be7 8. Nc3
d6 9. Bg5 a6 10. Rfd1 Nbd7 11. Rac1 O-O 12. Qf4 Rc8 13. Nd2 Bxg2 14. Kxg2 Nh5
15. Qf3 Bxg5 16. Qxh5 g6 17. Qh3 b5 18. cxb5 axb5 19. e3 b4 20. Nce4 Be7 21.
Nb3 Rxc1 22. Nxc1 Qc8 23. Nd2 Qc2 24. Qg4 Ne5 25. Qe2 Qxb2 26. f4 Rc8 27. fxe5
Rxc1 28. exd6 Rxd1 29. dxe7 Rxd2 30. e8=Q+ Kg7 31. Qxd2 Qxd2+ 32. Kf3 Qxa2 33.
h4 h5 34. Qb8 Qd5+ 0-1

[Event "PERLA BALTYKU"]
[Site "Lazy"]
[Date "2013.07.05"]
[Round "6.18"]
[White "Kowalski, Maciej"]
[Black "Galaktionov, Artem"]
[Result "1-0"]
[WhiteElo "1908"]
[BlackElo "1943"]
[PlyCount "42"]
[EventDate "2013.??.??"]

1. d4 e6 2. Nf3 d5 3. c4 Nf6 4. cxd5 exd5 5. Nc3 c6 6. Qc2 Nbd7 7. Bg5 Be7 8.
e3 O-O 9. Bd3 Re8 10. O-O Nf8 11. Rab1 Ne4 12. Bxe7 Qxe7 13. b4 a6 14. a4 Bf5
15. Rfc1 Nxc3 16. Qxc3 Bxd3 17. Qxd3 Ng6 18. b5 cxb5 19. axb5 a5 20. b6 Qd6 21.
Qb5 Ra6 1-0

[Event "PERLA BALTYKU"]
[Site "Lazy"]
[Date "2013.07.05"]
[Round "6.20"]
[White "Nowak, Maciej"]
[Black "Krainski, Slawomir"]
[Result "0-1"]
[WhiteElo "2010"]
[BlackElo "2035"]
[PlyCount "96"]
[EventDate "2013.??.??"]

1. d4 d5 2. c4 c6 3. Nf3 Nf6 4. Nc3 a6 5. c5 g6 6. Bg5 Bg7 7. Qc1 h6 8. Bf4
Nbd7 9. Be5 Nxe5 10. Nxe5 Nd7 11. f4 Nxe5 12. fxe5 f6 13. exf6 Bxf6 14. e3 Bf5
15. Be2 e5 16. dxe5 Bxe5 17. O-O Qh4 18. g3 Qh3 19. Bf3 O-O-O 20. Ne2 Be4 21.
Bxe4 dxe4 22. Nf4 Qg4 23. Qc2 Rhe8 24. Rad1 Rxd1 25. Rxd1 g5 26. Ng2 h5 27. Rf1
h4 28. Qf2 hxg3 29. hxg3 Bxg3 30. Qf5+ Qxf5 31. Rxf5 Re5 32. Rf8+ Kc7 33. Rf7+
Kc8 34. Rf8+ Kd7 35. Rf7+ Re7 36. Rf5 Rg7 37. Kf1 Ke6 38. Rf8 Rf7+ 39. Rxf7
Kxf7 40. Ne1 Bxe1 41. Kxe1 Ke6 42. Kf2 Kd5 43. Kg3 Kxc5 44. b3 Kb4 45. Kg4 Kc3
46. Kxg5 Kd3 47. Kf4 c5 48. a4 b5 0-1

[Event "PERLA BALTYKU"]
[Site "Lazy"]
[Date "2013.07.05"]
[Round "6.21"]
[White "Malaczek, Mateusz"]
[Black "Smieszek, Wojciech"]
[Result "1/2-1/2"]
[WhiteElo "1849"]
[BlackElo "1843"]
[PlyCount "92"]
[EventDate "2013.??.??"]

1. c4 e5 2. g3 g6 3. Bg2 Bg7 4. Nc3 Ne7 5. Nf3 c5 6. O-O O-O 7. Rb1 Nbc6 8. a3
a5 9. d3 d6 10. Bd2 h6 11. Ne1 Be6 12. Nc2 d5 13. cxd5 Nxd5 14. Ne4 b6 15. Ne3
Nce7 16. b4 axb4 17. axb4 cxb4 18. Nxd5 Nxd5 19. Bxb4 Nxb4 20. Rxb4 Ra6 21. Qb1
b5 22. Nc5 Ba2 23. Qc2 Qc7 24. Rc1 Ra7 25. Rxb5 Rc8 26. Qd2 Qe7 27. Rb7 Rxb7
28. Nxb7 Rxc1+ 29. Qxc1 Bf8 30. h4 Qb4 31. Nd8 Qb6 32. Nc6 f6 33. h5 gxh5 34.
Bf3 Qb1 35. Qxb1 Bxb1 36. Bxh5 Ba2 37. f4 Bd5 38. Bf3 Bxc6 39. Bxc6 Bd6 40. e3
Kf7 41. Bd5+ Kg6 42. Kf2 exf4 43. gxf4 f5 44. Kf3 h5 45. e4 fxe4+ 46. dxe4 Kf6
1/2-1/2

[Event "PERLA BALTYKU"]
[Site "Lazy"]
[Date "2013.07.05"]
[Round "6.22"]
[White "Prazmowski, Bartosz"]
[Black "Szewczyk, Mariusz"]
[Result "1/2-1/2"]
[WhiteElo "2025"]
[BlackElo "2047"]
[PlyCount "51"]
[EventDate "2013.??.??"]

1. f4 d5 2. Nf3 c5 3. e3 Nc6 4. b3 Bg4 5. Be2 Nf6 6. Bb2 e6 7. O-O Bd6 8. d3
O-O 9. Nbd2 Nd7 10. Qe1 f6 11. c4 Nb4 12. Qc1 d4 13. Ne4 Qc7 14. Nxd6 Qxd6 15.
e4 a5 16. a4 f5 17. e5 Qe7 18. Qd2 Qe8 19. Qd1 Qg6 20. Kh1 Qh6 21. Bc1 Rf7 22.
h3 Bxf3 23. Bxf3 Nf8 24. Kh2 Re7 25. Qe2 Ng6 26. g3 1/2-1/2

[Event "PERLA BALTYKU"]
[Site "Lazy"]
[Date "2013-07-06"]
[Round "7.1"]
[White "Urban, Klaudiusz"]
[Black "Shishkin, Vadim"]
[Result "1/2-1/2"]
[WhiteElo "2462"]
[BlackElo "2502"]
[PlyCount "49"]
[EventDate "2013.??.??"]

1. d4 Nf6 2. c4 g6 3. Nc3 d5 4. cxd5 Nxd5 5. e4 Nxc3 6. bxc3 Bg7 7. Bc4 c5 8.
Ne2 O-O 9. O-O Nc6 10. Be3 Bg4 11. f3 Na5 12. Bd3 cxd4 13. cxd4 Be6 14. d5 Bxa1
15. Qxa1 f6 16. Bh6 Re8 17. Qd4 Bf7 18. Bb5 e5 19. Qf2 Re7 20. f4 exf4 21. Qxf4
Qb6+ 22. Kh1 Bxd5 23. exd5 Qxb5 24. Qxf6 Qe8 25. Qd4 1/2-1/2

[Event "PERLA BALTYKU"]
[Site "Lazy"]
[Date "2013.07.06"]
[Round "7.3"]
[White "Zielinski, Wojciech"]
[Black "Aliavdin, Nikolai"]
[Result "1/2-1/2"]
[WhiteElo "2145"]
[BlackElo "2349"]
[PlyCount "79"]
[EventDate "2013.??.??"]

1. b3 d5 2. Bb2 Bg4 3. d4 Nf6 4. f3 Bh5 5. e3 e6 6. Ne2 Bg6 7. Ng3 c5 8. Bd3
Nc6 9. Qe2 cxd4 10. exd4 Be7 11. c3 a6 12. Nd2 O-O 13. f4 b5 14. Nf3 Bd6 15.
Ne5 Bxe5 16. fxe5 Nd7 17. O-O Qb6 18. Kh1 b4 19. Rad1 bxc3 20. Bxc3 Rfc8 21.
Bxg6 fxg6 22. Qf3 Rf8 23. Qg4 Rae8 24. h4 Qd8 25. h5 g5 26. h6 gxh6 27. Rxf8+
Nxf8 28. Nh5 Re7 29. Rf1 Rf7 30. Nf6+ Kg7 31. Rf3 Ne7 32. Bb4 Nf5 33. Rxf5 exf5
34. Qxf5 Ng6 35. Nh5+ Kg8 36. Nf6+ Kh8 37. Qe6 Rb7 38. Bc5 Nf4 39. Qf5 Rf7 40.
g4 1/2-1/2

[Event "PERLA BALTYKU"]
[Site "Lazy"]
[Date "2013.07.06"]
[Round "7.4"]
[White "Eggink, Mateusz"]
[Black "Bugalski, Michal"]
[Result "0-1"]
[WhiteElo "2044"]
[BlackElo "2161"]
[PlyCount "52"]
[EventDate "2013.??.??"]

1. e4 Nf6 2. Nc3 e5 3. Nf3 Nc6 4. d4 exd4 5. Nxd4 Bb4 6. Nxc6 bxc6 7. Bd3 d5 8.
e5 Ng4 9. O-O O-O 10. Qe2 Re8 11. f4 f6 12. h3 Bc5+ 13. Kh1 fxe5 14. Na4 exf4
15. Qf3 Ne5 16. Bxh7+ Kxh7 17. Qh5+ Kg8 18. Bxf4 g6 19. Qe2 Bd6 20. Rae1 Bf5
21. Qf2 Nf7 22. Nc3 Bxf4 23. Qxf4 Qd6 24. Qh4 Rxe1 25. Rxe1 Kg7 26. Re7 Qf6 0-1

[Event "PERLA BALTYKU"]
[Site "Lazy"]
[Date "2013.07.06"]
[Round "7.5"]
[White "Weichhold, Pawel"]
[Black "Nowicki, Bartosz"]
[Result "1-0"]
[WhiteElo "2382"]
[BlackElo "2157"]
[PlyCount "45"]
[EventDate "2013.??.??"]

1. e4 c5 2. Nf3 d6 3. d4 cxd4 4. Nxd4 Nf6 5. Nc3 a6 6. Bg5 e6 7. f4 Be7 8. Qf3
Nbd7 9. O-O-O h6 10. Bh4 Qc7 11. g4 g5 12. e5 dxe5 13. fxg5 hxg5 14. Bg3 Qb6
15. Nb3 Qb4 16. h3 e4 17. Qe2 Nc5 18. Nxc5 Bxc5 19. Bg2 e3 20. Bc7 Bb6 21. a3
Qc5 22. Rd8+ Ke7 23. Bxb6 1-0